| 000 | 00572nam a2200205 a 4500 | ||
|---|---|---|---|
| 001 | 000023447 | ||
| 005 | 20200930022227.0 | ||
| 008 | 101208s2000 sp ac r 001 0 spa d | ||
| 020 | _a8420700207 | ||
| 040 |
_aDO-SdBNP _bspa _cBNPHU |
||
| 082 |
_a070.4 _bR756p |
||
| 100 | 1 |
_aRoma, Pepa _948315 |
|
| 245 | 1 | 0 |
_aDe profesión periodista / _cPepa Roma. |
| 260 |
_aMadrid : _bAnaya, _c2000. |
||
| 300 |
_a119 p. : _ail., retrs. ; _a21 cm. |
||
| 490 | 1 | _aPunto de referencia Anaya | |
| 650 | 4 |
_aPeriodismo _929 |
|
| 830 | 0 |
_aPunto de referencia Anaya _944582 |
|
| 049 | _aBNGR | ||
| 999 |
_c22943 _d22943 |
||